Detalles MARC
| 000 -CABECERA |
| campo de control de longitud fija |
02454nam a2200349 i 4500 |
| 003 - IDENTIFICADOR DEL NÚMERO DE CONTROL |
| campo de control |
DO-SdBNP |
| 005 - FECHA Y HORA DE LA ÚLTIMA TRANSACCIÓN |
| campo de control |
20260526003349.0 |
| 007 - CAMPO FIJO DE DESCRIPCIÓN FÍSICA--INFORMACIÓN GENERAL |
| campo de control de longitud fija |
ta |
| 008 - DATOS DE LONGITUD FIJA--INFORMACIÓN GENERAL |
| campo de control de longitud fija |
220603e2000 dr |||| r|||| 001 e spa d |
| 020 ## - NÚMERO INTERNACIONAL ESTÁNDAR DEL LIBRO |
| Número Internacional Estándar del Libro |
999342009 |
| 040 ## - FUENTE DE LA CATALOGACIÓN |
| Centro catalogador/agencia de origen |
DO-SdBNP |
| Lengua de catalogación |
spa |
| Centro/agencia transcriptor |
BNPHU |
| Normas de descripción |
rda |
| 041 ## - CÓDIGO DE LENGUA |
| Código de lengua del texto/banda sonora o título independiente |
spa |
| 082 #4 - NÚMERO DE LA CLASIFICACIÓN DECIMAL DEWEY |
| Número de clasificación |
923.57293 |
| Número de documento/Ítem |
L965g |
| Número de edición |
23 |
| 245 10 - MENCIÓN DE TÍTULO |
| Título |
Gregorio Luperón : |
| Resto del título |
un modelo para la juventud / |
| Mención de responsabilidad, etc. |
corrección, Diógenes Valdez |
| 264 #1 - PRODUCCIÓN, PUBLICACIÓN, DISTRIBUCIÓN, FABRICACIÓN Y COPYRIGHT |
| Producción, publicación, distribución, fabricación y copyright |
Santo Domingo : |
| Nombre del de productor, editor, distribuidor, fabricante |
Ediciones Renovación, |
| Fecha de producción, publicación, distribución, fabricación o copyright |
2000. |
| 300 ## - DESCRIPCIÓN FÍSICA |
| Extensión |
109 páginas ; |
| Dimensiones |
23 cm |
| 336 ## - TIPO DE CONTENIDO |
| Término de tipo de contenido |
texto |
| Código de tipo de contenido |
txt |
| Fuente |
rdacontent |
| 337 ## - TIPO DE MEDIO |
| Nombre/término del tipo de medio |
sin mediación |
| Código del tipo de medio |
n |
| Fuente |
rdamedia |
| 338 ## - TIPO DE SOPORTE |
| Nombre/término del tipo de soporte |
volumen |
| Código del tipo de soporte |
nc |
| Fuente |
rdacarrier |
| 490 ## - MENCIÓN DE SERIE |
| Mención de serie |
Colección "Por Nuestro País Primero" |
| 504 ## - NOTA DE BIBLIOGRAFÍA, ETC. |
| Nota de bibliografía, etc. |
Bibliografía : páginas 110- 111 |
| 505 ## - NOTA DE CONTENIDO CON FORMATO |
| Nota de contenido con formato |
El compromiso de la firma Brugal & Co. C. por A.-- |
| Título |
Presentación-- |
| -- |
Veredicto-- |
| -- |
Luperón: Vivo y Vigente-- |
| -- |
Introducción-- |
| -- |
I. Buscar a Luperón es lo primero entender el cause histórico por el cual entra como vida-- |
| -- |
II. Indagar sobre las raíces de Luperón en localizar nativa comunidad-- |
| -- |
III. Apreciar al niño ejemplar que fue Luperón-- |
| -- |
IV. Descubrir al niño Dupedrón templándose en el cuerpo y en el espíritu-- |
| -- |
V. Encontrar a Luperón el restaurador, el nacionalista, de la patria deseada-- |
| -- |
Conclusión-- |
| -- |
Bibliografía-- |
| -- |
Más allá del ideario antillano: Presencia de Hostos en el pensamiento de Luperón-- |
| -- |
Introducción-- |
| -- |
Puntos de partida de un a amistad antillana-- |
| -- |
Conclusión-- |
| -- |
Bibliografía-- |
| -- |
Nexos entre Gregorio Luperón y la ideología durante el contexto de la historia republicana-- |
| -- |
Introducción-- |
| -- |
I. Contexto situacional de Juan Pablo Duarte e ideología-- |
| -- |
II. Actitudes de las Potencias: Imperialistas y ofertas antinacionales-- |
| -- |
III. Relevancia económica, Política y Militar del Cibao en el contexto de la auténtica Independencia Nacional-- |
| -- |
IV. Gregorio Luperón como estandarte de la ideología de Juan Pablo Duarte--- |
| -- |
A manera de conclusión-- |
| -- |
Bibliografía. |
| 590 ## - NOTA LOCAL (RLIN) |
| Nota local |
Inventariado 2022 / MF |
| 600 10 - PUNTO DE ACCESO ADICIONAL DE MATERIA--NOMBRE DE PERSONA |
| Nombre de persona |
Luperón, Gregorio, |
| Fechas asociadas al nombre |
1839-1897 |
| Subdivisión general |
Ensayos |
| 9 (RLIN) |
888 |
| 600 10 - PUNTO DE ACCESO ADICIONAL DE MATERIA--NOMBRE DE PERSONA |
| Nombre de persona |
Luperón, Gregorio, |
| Fechas asociadas al nombre |
1839-1897 |
| Subdivisión de forma |
Biografía |
| 9 (RLIN) |
89754 |
| 650 #4 - PUNTO DE ACCESO ADICIONAL DE MATERIA--TÉRMINO DE MATERIA |
| 9 (RLIN) |
76836 |
| Término de materia o nombre geográfico como elemento de entrada |
Ensayos dominicanos |
| 651 #7 - PUNTO DE ACCESO ADICIONAL DE MATERIA--NOMBRE GEOGRÁFICO |
| Fuente del encabezamiento o término |
Lemb |
| Nombre geográfico |
República Dominicana |
| Subdivisión general |
Historia |
| Subdivisión cronológica |
Guerra de la restauración, 1863-1865 |
| 9 (RLIN) |
84016 |
| 700 ## - PUNTO DE ACCESO ADICIONAL--NOMBRE DE PERSONA |
| Nombre de persona |
Valdez, Diógenes, |
| Término indicativo de función/relación |
corrector |
| Código de función/relación |
corr. |
| 9 (RLIN) |
22958 |
| 710 1# - PUNTO DE ACCESO ADICIONAL--NOMBRE DE ENTIDAD CORPORATIVA |
| 9 (RLIN) |
22081 |
| Nombre de entidad corporativa o nombre de jurisdicción como elemento de entrada |
Brugal & Co |
| Término indicativo de función/relación |
compilador |
| 910 ## - DATOS DE OPCIÓN DEL USUARIO (OCLC) |
| Datos de opción del usuario |
MFeliz. Validado. Control de Calidad/MAA |
| 942 ## - ELEMENTOS DE PUNTO DE ACCESO ADICIONAL (KOHA) |
| Fuente del sistema de clasificación o colocación |
Dewey Decimal Classification |
| Tipo de ítem Koha |
Libro y Folleto Colección Dominicana de Servicio |